000 00283nam a2200121Ia 4500
008 191201s2019 xx 000 0 und d
100 _aNSE INDIA
245 0 _aSecurities Market (Basic) Module
260 _aN. Delhi
_bNSE (NCFM)
300 _a214
650 _aNCFM
942 _2ddc
_cBK
999 _c6665
_d6665